| 000 | 01321nam a2200349Ia 4500 | ||
|---|---|---|---|
| 001 | ebr10135627 | ||
| 003 | CaPaEBR | ||
| 006 | m u | ||
| 007 | cr cn||||||||| | ||
| 008 | 040706s2005 nyua sb 001 0 eng d | ||
| 010 | _z 2004052591 | ||
| 015 | _aGBA4-Y5443 | ||
| 020 | _z1403982325 | ||
| 020 | _z0312295766 | ||
| 020 | _z0312295774 (pbk.) | ||
| 040 |
_aCaPaEBR _cCaPaEBR |
||
| 035 | _a(OCoLC)560467218 | ||
| 050 | 1 | 4 |
_aBL637 _b.M59 2005eb |
| 082 | 0 | 4 |
_a207/.2 _222 |
| 245 | 0 | 0 |
_aMixed messages _h[electronic resource] : _bmateriality, textuality, missions / _cedited by Jamie S. Scott and Gareth Griffiths. |
| 260 |
_aNew York : _bPalgrave Macmillan, _c2005. |
||
| 300 |
_axiii, 268 p. : _bill. |
||
| 504 | _aIncludes bibliographical references (p. [233]-255) and index. | ||
| 533 |
_aElectronic reproduction. _bPalo Alto, Calif. : _cebrary, _d2009. _nAvailable via World Wide Web. _nAccess may be limited to ebrary affiliated libraries. |
||
| 650 | 0 |
_aMissions _xHistory. |
|
| 650 | 0 |
_aReligion and culture _xHistory. |
|
| 655 | 7 |
_aElectronic books. _2local |
|
| 700 | 1 | _aScott, Jamie S. | |
| 700 | 1 |
_aGriffiths, Gareth, _d1943- |
|
| 710 | 2 | _aebrary, Inc. | |
| 856 | 4 | 0 |
_uhttp://site.ebrary.com/lib/rucke/Doc?id=10135627 _zAn electronic book accessible through the World Wide Web; click to view |
| 999 |
_c87545 _d87545 |
||